Statistics for What animal is this?

Click here to take the quiz!

General Stats

  • This quiz has been taken 50 times
    (25 since last reset)
  • The average score is 7 of 10

Answer Stats

QuestionAnswer% Correct
What animal is this?Tiger
100%
What animal is this?Dolphin
94%
What animal is this?Panda
94%
What animal is this?Crocodile
78%
What animal is this?Dog
67%
What animal is this?Pig
67%
What animal is this?Turtle
67%
What bird is this?Golden Eagle
50%
What animal is this?Lynx
50%
What animal is this?Gorilla
44%

Score Distribution

Percentile by Number Answered

Percent of People with Each Score

Your Score History

You have not taken this quiz since the last reset